| 000 | 00733nam a2200157Ia 4500 | ||
|---|---|---|---|
| 999 |
_c5427 _d5427 |
||
| 020 | _a0-415-41166-1(set) | ||
| 082 | _aRR 306.4812 LEI- | ||
| 245 | 0 | _aLeisure studies: critical concepts in the social sciences | |
| 260 |
_aLondon _bRoutledge _c2007 |
||
| 440 | _aCritical concepts in the social sciences | ||
| 500 | _aContents : - Vol. 1. (Evolution of leisure as a subject: landmark studies and disciplinary contributions), (xxv, 517), - v. 2.(Leisure, space and place), (x, 505), - v. 3. (Leisure, participation and society), (x, 410), - v. 4. (Managing leisure resources: policy, planning and practice), (x, 339). | ||
| 650 |
_aLeisure _vSocial aspects |
||
| 700 | _aPage, Stephen | ||
| 700 | _aConnell, Joanne | ||
| 942 |
_cBK _2ddc |
||